Chroniko /

Saved in:
Bibliographic Details
Main Author: Phrantzēs, Geōrgios, 1401-
Other Authors: Dēmakogianēs, G. Th.
Format: Book
Language:Greek
Published: Athēna : Ekdoseis K. Ch. Spanou, 1996.
Series:Keimena Vyzantina kai metavyzantina se Neoellēnikē apodosē.
Subjects:
Tags: Add Tag
No Tags, Be the first to tag this record!
LEADER 01138cam a2200313Ia 4500
001 007798611-3
005 20050319114735.0
008 990927s1996 gr a 000 0 greod
020 |a 960262017X 
035 0 |a ocm42440767 
040 |a CIN  |c CIN 
043 |a mm-----  |a a-tu--- 
050 4 |a DF631.A2  |b P48 1996 
100 1 |a Phrantzēs, Geōrgios,  |d 1401- 
240 1 0 |a Chronikon 
245 1 0 |a Chroniko /  |c Geōrgiou Phrantzē ; apodosē stēn haplē neoellēnikē G. Th. Dēmakogiannē. 
246 1 4 |a Chroniko tēs halōseōs 
260 |a Athēna :  |b Ekdoseis K. Ch. Spanou,  |c 1996. 
300 |a 263 p. :  |b ill. ;  |c 21 cm. 
490 1 |a Keimena Vyzantina kai metavyzantina se Neoellēnikē apodosē 
651 0 |a Byzantine Empire  |x History  |y John VIII Palaeologus, 1425-1448. 
651 0 |a Byzantine Empire  |x History  |y Constantine XI Dragases, 1448-1453. 
651 0 |a Istanbul (Turkey)  |x History  |y Siege, 1453. 
655 7 |a History.  |2 fast 
655 7 |a History.  |2 fast  |0 (OCoLC)fst01411628 
700 1 |a Dēmakogianēs, G. Th. 
830 0 |a Keimena Vyzantina kai metavyzantina se Neoellēnikē apodosē. 
988 |a 20020608 
906 |0 OCLC